Kombinatorikus játékok számítógépes elemzése sakkprogram elkészítése matt feladványok megoldása céljából /

Elmentve itt :
Bibliográfiai részletek
Szerző: Pálfi András
További közreműködők: Blázsik Zoltán (Témavezető)
Dokumentumtípus: Szakdolgozat
Megjelent: 2017
Tárgyszavak:
Online Access:http://diploma.bibl.u-szeged.hu/69076
LEADER 01216nta a2200241 i 4500
001 dipl69076
005 20240106121424.0
008 170621s2017 hu om 0|| hun d
040 |a SZTE Diploma Repozitórium  |b hun 
041 |a hun 
100 1 |a Pálfi András 
245 1 0 |a Kombinatorikus játékok számítógépes elemzése  |h [elektronikus dokumentum] :  |b sakkprogram elkészítése matt feladványok megoldása céljából /  |c András Pálfi 
246 1 0 |a Program for chess problems  |h [elektronikus dokumentum] 
260 |c 2017 
650 4 |a Természettudományok 
650 4 |a Natural sciences 
650 4 |a Computer and information sciences 
650 4 |a Computer sciences, information science and bioinformatics 
650 4 |a Algorithms, distributed, parallel and network algorithms, algorithmic game theory 
700 1 |a Blázsik Zoltán  |e ths 
856 4 0 |u https://diploma.bibl.u-szeged.hu/id/eprint/69076/1/2016_P%C3%A1lfi_Andr%C3%A1s_PAATAAT_SZE_SZ.pdf  |z Dokumentum-elérés  
856 4 0 |u https://diploma.bibl.u-szeged.hu/id/eprint/69076/7/2017_palfi_andras_melleklet.zip  |z Dokumentum-elérés  
856 4 0 |u https://diploma.bibl.u-szeged.hu/id/eprint/69076/8/2017_palfi_andras_biralati_lap.pdf  |z Dokumentum-elérés